000 01458naa a22003617a 4500
001 BR7405438
003 BR-BrBNA
005 20240918173621.0
007 ta
008 230509b bl.||||| |||| 00| 0 por d
040 _aBR-BrBNA
_bpor
_cBiblioteca Nacional de Agricultura
041 _a(Pt)
072 _aL30
_b6100
_b0120
_b0336
_b8959
_b8957
_b3755
090 _aL30 BR7405438
100 1 _aMaier, J.C.
100 1 _aPeixoto, R.R.
111 1 _a11. Reuniao da Sociedade Brasileira de Zootecnia
_cFortaleza, CE (Brazil)
_d22 Jul 1974
245 1 _aEmprego de suplementacao com vitamina b12 em racao a base de milho e farelo de soja, comparada a racao com 10 por cento de farinha de carne, para aves em crescimento [Gallus domesticus; Zea mays; Glycine max]
260 3 _aFortaleza, CE (Brasil):
_bUniversidade Federal do Ceara,
_c1974.
500 _aAnais da 11. Reuniao da Sociedade Brasileira de Zootecnia Fortaleza, CE (Brasil): Universidade Federal do Ceara, 1974. p. 165-166 (BR7405438-AM)L30
650 _aNutricao animal
650 _aAve domestica
650 _aMilho
650 _aSoja
650 _aFarinha de carne
650 _aRacao
650 _aVitamina b-12
650 _aGanho de peso
650 _aSuplemento vitaminico
773 0 _tAnais da 11. Reuniao da Sociedade Brasileira de Zootecnia
_wL30 BR7405438
_gFortaleza, CE (Brasil), 1974. p. 165-166
909 _a202404
_bLucia
_c55
_dLucia Elande
942 _cAM
_2AGRIS
999 _c305774
_d305774